[Event "POL-ch Universities (Women)"]
[Site "Lublin"]
[Date "2024.02.23"]
[Round "4"]
[White "Harazinska, Magdalena"]
[Black "Borkowska, Zuzanna"]
[Result "1-0"]
[WhiteElo "1950"]
[BlackElo "1559"]
[PlyCount "67"]
[EventDate "2024.02.22"]
[EventType "swiss"]
[EventRounds "9"]
[EventCountry "POL"]
[SourceTitle "CB10_2024"]
[SourceDate "2024.03.06"]
[SourceVersion "1"]
[SourceVersionDate "2024.03.06"]
[SourceQuality "1"]

1. d4 d5 2. c4 e6 3. Nc3 c5 4. cxd5 exd5 5. Nf3 Nc6 6. g3 Nf6 7. Bg2 Be7 8. 0-0 0-0 9. b3 Bf5 10. Bb2 h6 11. Rc1 Re8 12. Na4 cxd4 13. Nxd4 Nxd4 14. Qxd4 b6 15. Rfd1 Be4 16. f3 Bf5 17. Kh1 Rc8 18. Rxc8 Qxc8 19. e4 dxe4 20. fxe4 Bg4 21. Rc1 Qd7 22. e5 Qxd4 23. Bxd4 Nh7 24. h3 Be6 25. Rc7 b5 26. Nc5 Bxc5 27. Bxc5 a6 28. Bb7 Bxh3 29. Bxa6 Ng5 30. Bd6 Re6 31. Bxb5 Nf3 32. Bd3 g6 33. Bc4 Re8 34. Bxf7+ 1-0

[Event "POL-ch blitz (Women)"]
[Site "Bydgoszcz"]
[Date "2020.12.12"]
[Round "1"]
[White "Borkowska, Zuzanna"]
[Black "Bartel, Marta"]
[Result "0-1"]
[WhiteElo "1540"]
[BlackElo "2192"]
[PlyCount "88"]
[EventDate "2020.12.12"]
[EventType "swiss (blitz)"]
[EventRounds "11"]
[EventCountry "POL"]
[SourceTitle "CBM 199 Extra"]
[Source "ChessBase"]
[SourceDate "2021.01.31"]
[SourceVersion "1"]
[SourceVersionDate "2021.01.31"]
[SourceQuality "1"]

1. e4 c5 2. Nf3 Nc6 3. Bb5 d6 4. 0-0 Bd7 5. c3 a6 6. Bxc6 Bxc6 7. Re1 Nf6 8. d3 e6 9. Bg5 Be7 10. Nbd2 0-0 11. Nc4 b5 12. Ne3 Qc7 13. Nf1 h6 14. Bd2 c4 15. e5 Bxf3 16. Qxf3 dxe5 17. dxc4 e4 18. Qe3 Bc5 19. Qe2 bxc4 20. Ng3 Qb6 21. Bf4 Rfd8 22. Be5 Bxf2+ 23. Qxf2 Qxf2+ 24. Kxf2 Ng4+ 25. Kf1 Nxe5 26. Nxe4 Nd3 27. Re2 Rab8 28. Rb1 Rd5 29. b3 a5 30. Nd2 cxb3 31. axb3 Rc5 32. c4 a4 33. Re3 Ne5 34. b4 Nxc4 35. Nxc4 Rxc4 36. b5 Rb6 37. Ra3 Rc5 38. Rxa4 Rcxb5 39. Ra8+ Kh7 40. Rd1 Rb1 41. Rad8 Rxd1+ 42. Rxd1 Rb2 43. h3 e5 44. Re1 f6 0-1

[Event "Polanica Zdroj op-E 56th"]
[Site "Polanica Zdroj"]
[Date "2020.08.16"]
[Round "2"]
[White "Borkowska, Zuzanna"]
[Black "Turowski, Maciej"]
[Result "1-0"]
[WhiteElo "1572"]
[BlackElo "1356"]
[PlyCount "109"]
[EventDate "2020.08.15"]
[EventType "swiss"]
[EventRounds "9"]
[EventCountry "POL"]
[SourceTitle "CBM 198 Extra"]
[Source "ChessBase"]
[SourceDate "2020.11.30"]
[SourceVersion "1"]
[SourceVersionDate "2020.11.30"]
[SourceQuality "1"]

1. e4 d5 2. exd5 Qxd5 3. Nc3 Qd6 4. d4 Nf6 5. h3 a6 6. Nf3 Nc6 7. Bc4 Bf5 8. 0-0 Bg6 9. Ne2 0-0-0 10. c3 e5 11. Bg5 Be7 12. Bh4 Ne4 13. Bxe7 Qxe7 14. Qa4 Nb8 15. Qb3 Nd7 16. Rad1 Nd6 17. dxe5 Nxc4 18. Qxc4 Nxe5 19. Nxe5 Qxe5 20. Nf4 Rhe8 21. Nd5 Be4 22. Nb6+ Kb8 23. Nd7+ Rxd7 24. Rxd7 Bc6 25. Rxf7 Bd5 26. Qf4 Bxf7 27. Qxf7 Rd8 28. Qb3 Qe2 29. a4 h6 30. Qb4 Rd6 31. a5 Qd2 32. Qb3 Rd7 33. Qa3 Rd6 34. c4 Rd7 35. c5 Rd3 36. Qa2 Rd5 37. Qa3 Rd3 38. b3 Qc2 39. Rc1 Qxb3 40. Qa1 Qf7 41. c6 Rd2 42. Rf1 bxc6 43. Qc3 Rd6 44. Rb1+ Kc8 45. Qb4 Kd7 46. Qg4+ Re6 47. Rc1 Ke7 48. Qb4+ Kf6 49. Qd4+ Kg6 50. Qd3+ Qf5 51. Qxa6 Qb5 52. Qc8 Re2 53. a6 Kf6 54. a7 Rxf2 55. Qf8+ 1-0

[Event "Bydgoszcz U18"]
[Site "Bydgoszcz"]
[Date "2018.02.16"]
[Round "9.1"]
[White "Borkowska, Zuzanna"]
[Black "Weryho, Mateusz"]
[Result "1-0"]
[WhiteElo "1699"]
[BlackElo "1308"]
[PlyCount "139"]
[EventDate "2018.02.12"]
[EventType "swiss"]
[EventRounds "9"]
[EventCountry "POL"]
[SourceTitle "EXT 2023"]
[Source "ChessBase"]
[SourceDate "2022.10.05"]
[SourceVersion "1"]
[SourceVersionDate "2022.10.05"]
[SourceQuality "1"]

1. e4 e5 2. Nf3 Nc6 3. c3 Bc5 4. d4 exd4 5. cxd4 Bb4+ 6. Bd2 Bxd2+ 7. Qxd2 d6 8. Bb5 Bd7 9. Nc3 Nf6 10. d5 Ne7 11. Bxd7+ Qxd7 12. 0-0 Ng6 13. Rac1 0-0 14. Nd4 Qg4 15. f3 Qd7 16. Ncb5 Rac8 17. Qb4 Ne5 18. Qc3 a6 19. Na3 c6 20. dxc6 Nxc6 21. Nc4 Ne5 22. Nb6 Rxc3 23. Nxd7 Rxc1 24. Nxf6+ gxf6 25. Rxc1 Nd3 26. Rc2 Nb4 27. Rc7 b5 28. a3 Nd3 29. b4 Ne5 30. Kf2 Nc4 31. a4 Ne5 32. axb5 Nd3+ 33. Kg3 Nxb4 34. b6 Rb8 35. b7 Kg7 36. Nf5+ Kg6 37. Nxd6 a5 38. Rc8 Na6 39. Rxb8 Nxb8 40. Nb5 a4 41. Kf4 Nc6 42. Ke3 Kg5 43. g3 h5 44. h3 h4 45. g4 Nb8 46. f4+ Kg6 47. Kd4 Kg7 48. Kc5 Kf8 49. Kd6 Ke8 50. Kc7 Nd7 51. b8Q+ Nxb8 52. Kxb8 Kd7 53. Kb7 Ke6 54. Kc6 Ke7 55. Kc5 Kd7 56. Kb4 Kc6 57. Nd4+ Kd7 58. Nf5 Ke6 59. Nxh4 f5 60. Nxf5 Kf6 61. e5+ Kg6 62. Ne7+ Kg7 63. h4 f6 64. exf6+ Kxf6 65. Nd5+ Ke6 66. h5 Kxd5 67. h6 a3 68. h7 a2 69. h8Q a1Q 70. Qxa1 1-0

[Event "POL-chT 2nd League"]
[Site "Szklarska Poreba"]
[Date "2017.09.06"]
[Round "5.16"]
[White "Walas, Aleksandra"]
[Black "Borkowska, Zuzanna"]
[Result "1-0"]
[WhiteElo "1905"]
[BlackElo "1634"]
[PlyCount "129"]
[EventDate "2017.09.02"]
[EventType "team-swiss"]
[EventRounds "9"]
[EventCountry "POL"]
[SourceTitle "CBM 180 Extra"]
[Source "ChessBase"]
[SourceDate "2017.10.06"]
[SourceVersion "1"]
[SourceVersionDate "2017.10.06"]
[SourceQuality "1"]
[WhiteTeam "Przedwojow Debiut"]
[BlackTeam "Bydgoszcz Wiartrak"]
[WhiteTeamCountry "POL"]
[BlackTeamCountry "POL"]

1. e4 e5 2. Nc3 Nc6 3. Bc4 Nf6 4. Nge2 Bc5 5. 0-0 0-0 6. d3 Na5 7. Bg5 Nxc4 8. dxc4 c6 9. a3 a5 10. Ng3 h6 11. Bd2 d6 12. Na4 Ba7 13. Qe1 Be6 14. b3 Ng4 15. c5 dxc5 16. h3 Nf6 17. Bxa5 b6 18. Bc3 Qc7 19. Nb2 b5 20. Ba5 Bb6 21. Bxb6 Qxb6 22. Qc3 Rfe8 23. Nd3 Nd7 24. Kh1 c4 25. Nxe5 Nxe5 26. Qxe5 cxb3 27. Qb2 Bc4 28. Nf5 f6 29. Rfd1 Qxf2 30. Rd7 Ra7 31. Rxa7 Qxa7 32. Nd6 Re5 33. Nxc4 bxc4 34. cxb3 Rb5 35. b4 c5 36. Qc3 Qf7 37. Rc1 cxb4 38. axb4 Qb7 39. Qxc4+ Kh7 40. Rb1 Re5 41. Qd3 Qxe4 42. Qxe4+ Rxe4 43. b5 Re7 44. b6 Rb7 45. Kg1 Kg6 46. Kf2 Kf5 47. Ke3 Ke5 48. Rb5+ Kd6 49. Kd4 g6 50. Kc4 h5 51. Rb3 Kc6 52. Rb2 h4 53. Rb5 f5 54. Rc5+ Kd6 55. Kb5 Rg7 56. Rc6+ Ke5 57. Rc7 Rg8 58. b7 Rb8 59. Kc6 g5 60. Rc8 Rxb7 61. Kxb7 Kf4 62. Rc3 g4 63. Kc6 Ke4 64. Kc5 g3 65. Kd6 1-0

[Event "POL-chT 2nd League"]
[Site "Szklarska Poreba"]
[Date "2017.09.04"]
[Round "3.15"]
[White "Borkowska, Zuzanna"]
[Black "Rykala, Monika"]
[Result "0-1"]
[WhiteElo "1634"]
[BlackElo "1863"]
[PlyCount "102"]
[EventDate "2017.09.02"]
[EventType "team-swiss"]
[EventRounds "9"]
[EventCountry "POL"]
[SourceTitle "CBM 180 Extra"]
[Source "ChessBase"]
[SourceDate "2017.10.06"]
[SourceVersion "1"]
[SourceVersionDate "2017.10.06"]
[SourceQuality "1"]
[WhiteTeam "Bydgoszcz Wiartrak"]
[BlackTeam "Minsk Mazowiecki MTSz"]
[WhiteTeamCountry "POL"]
[BlackTeamCountry "POL"]

1. e4 c5 2. Nf3 d6 3. c3 Nf6 4. h3 Nc6 5. Bd3 e5 6. 0-0 Be7 7. Bc2 d5 8. d3 0-0 9. Nbd2 d4 10. Nc4 Qc7 11. Nh2 b5 12. Na3 a6 13. f4 exf4 14. Bxf4 Bd6 15. Bxd6 Qxd6 16. c4 Rb8 17. Nf3 Be6 18. b3 Qg3 19. Qe1 Qxe1 20. Raxe1 Nb4 21. Bb1 bxc4 22. Nxc4 Bxc4 23. bxc4 Nd7 24. a3 Nc6 25. Ba2 Rb2 26. Rf2 Rfb8 27. Ree2 R2b6 28. Kf1 Nde5 29. Rd2 f6 30. Ke1 a5 31. Kd1 a4 32. Ne1 Na5 33. g4 h6 34. Rg2 Kf7 35. Rh2 Ke6 36. Rhf2 g5 37. Rf5 Ke7 38. Rc2 Rh8 39. Rg2 h5 40. Kc2 hxg4 41. hxg4 Rh3 42. Rff2 Re3 43. Rf1 Nxg4 44. Nf3 Rxe4 45. dxe4 Ne3+ 46. Kd3 Nxg2 47. Rf2 Nf4+ 48. Kc2 Nc6 49. Nd2 Ne5 50. Bb1 Ng4 51. Rf3 Ne3+ 0-1

[Event "POL-chT4 Kujawsko-Pomorskie 1617"]
[Site "Poland"]
[Date "2017.01.08"]
[Round "5.26"]
[White "Czarkowski, Tomasz"]
[Black "Borkowska, Zuzanna"]
[Result "1-0"]
[WhiteElo "1821"]
[BlackElo "1529"]
[PlyCount "81"]
[EventDate "2016.11.06"]
[EventType "team-tourn"]
[EventRounds "11"]
[EventCountry "POL"]
[SourceTitle "EXT 2019"]
[Source "ChessBase"]
[SourceDate "2018.10.10"]
[SourceVersion "1"]
[SourceVersionDate "2018.10.10"]
[SourceQuality "1"]

1. d4 d5 2. c4 e6 3. Nc3 c5 4. cxd5 exd5 5. Nf3 Nc6 6. e3 Nf6 7. Be2 Be7 8. 0-0 0-0 9. b3 a6 10. Bb2 cxd4 11. Nxd4 Re8 12. Bf3 Ne5 13. Be2 b6 14. Rc1 Qd6 15. f4 Neg4 16. Rf3 Bf8 17. Nc2 Bf5 18. Bd3 Be4 19. Rg3 Bxd3 20. Qxd3 Qe6 21. Nd4 Qd7 22. Na4 b5 23. Nb6 Qb7 24. Nxa8 Qxa8 25. Nf5 h5 26. Bxf6 Nxf6 27. Nh6+ Kh8 28. Nxf7+ Kg8 29. Qg6 Re6 30. Rc7 Qe8 31. Nh6+ Kh8 32. Rxg7 Qxg6 33. R7xg6 Rc6 34. Kf1 Kh7 35. Ng8 Rc1+ 36. Ke2 Ng4 37. f5 Rc2+ 38. Kd1 Rxa2 39. R3xg4 hxg4 40. Nf6+ Kh8 41. Rg8# 1-0

[Event "Polanica Zdroj op-C 52nd"]
[Site "Polanica Zdroj"]
[Date "2016.08.28"]
[Round "8"]
[White "Borkowska, Zuzanna"]
[Black "Duch, Robert"]
[Result "1/2-1/2"]
[WhiteElo "1621"]
[BlackElo "1796"]
[PlyCount "189"]
[EventDate "2016.08.20"]
[EventType "swiss"]
[EventRounds "9"]
[EventCountry "POL"]
[SourceTitle "CBM 174 Extra"]
[Source "ChessBase"]
[SourceDate "2016.10.10"]
[SourceVersion "1"]
[SourceVersionDate "2016.10.10"]
[SourceQuality "1"]

1. e4 c5 2. Nf3 d6 3. c3 Nc6 4. h3 Nf6 5. Bd3 g6 6. 0-0 Bg7 7. Bc2 Bd7 8. d4 cxd4 9. cxd4 Nb4 10. Bb3 0-0 11. Nc3 Nc6 12. Bf4 Na5 13. Bc2 b5 14. a3 Rc8 15. e5 Ne8 16. Ne4 dxe5 17. dxe5 Nc7 18. Nc5 Bc6 19. Nd4 Qd5 20. Nxc6 Qxc6 21. b4 Rfd8 22. Qe2 Nd5 23. Bg3 e6 24. a4 Nxb4 25. Bh4 Re8 26. Nb3 Nxc2 27. Nxa5 Qc3 28. Rac1 Qxa5 29. Rxc2 bxa4 30. f4 a3 31. Ra2 Bf8 32. Be1 Bb4 33. Bf2 Rc6 34. h4 Bc5 35. h5 Bxf2+ 36. Rxf2 Rc1+ 37. Kh2 Qc5 38. h6 Qf8 39. Qe3 Qxh6+ 40. Qh3 Qxh3+ 41. Kxh3 Rc3+ 42. Rf3 Rxf3+ 43. gxf3 Re7 44. Rxa3 Kg7 45. Kg4 f6 46. Ra6 h5+ 47. Kh4 fxe5 48. fxe5 Kh6 49. f4 Kg7 50. Kg5 Rf7 51. Rxe6 Rf5+ 52. Kh4 Rxf4+ 53. Kg3 Ra4 54. Re7+ Kf8 55. Re6 Kf7 56. Rf6+ Kg7 57. Rc6 h4+ 58. Kh3 Re4 59. Rc7+ Kh6 60. Rxa7 Kg5 61. Ra5 Re3+ 62. Kh2 Kf5 63. e6+ Kxe6 64. Rg5 Kf6 65. Rg2 g5 66. Rf2+ Ke5 67. Rg2 Kf4 68. Rf2+ Rf3 69. Ra2 Re3 70. Rf2+ Rf3 71. Ra2 g4 72. Ra4+ Kg5 73. Ra5+ Rf5 74. Ra3 Rb5 75. Ra2 h3 76. Rc2 Kh4 77. Rc4 Rb2+ 78. Kh1 Rf2 79. Kg1 h2+ 80. Kh1 Rf1+ 81. Kxh2 Rd1 82. Rc2 Rd3 83. Kg2 Rf3 84. Ra2 Kg5 85. Ra5+ Rf5 86. Ra3 Re5 87. Kg3 Rf5 88. Rb3 Rf1 89. Rb5+ Rf5 90. Rb3 Kh5 91. Ra3 Kg5 92. Rb3 Ra5 93. Rc3 Kf5 94. Rb3 Ra4 95. Rb5+ 1/2-1/2

[Event "POL-chT3 Kujawsko Pomorskie 1516"]
[Site "Poland"]
[Date "2015.11.22"]
[Round "2"]
[White "Borkowska, Zuzanna"]
[Black "Budkiewicz, Lucyna"]
[Result "1-0"]
[WhiteElo "1445"]
[BlackElo "1467"]
[PlyCount "92"]
[EventDate "2015.11.08"]
[EventType "team-tourn"]
[EventRounds "9"]
[EventCountry "POL"]
[SourceTitle "EXT 2019"]
[Source "ChessBase"]
[SourceDate "2018.10.10"]
[SourceVersion "1"]
[SourceVersionDate "2018.10.10"]
[SourceQuality "1"]

1. e4 e5 2. Nf3 Nc6 3. Bc4 Bc5 4. c3 Nf6 5. d4 exd4 6. cxd4 Bb4+ 7. Bd2 Bxd2+ 8. Nbxd2 d5 9. exd5 Nxd5 10. 0-0 0-0 11. Ne4 Bg4 12. a3 Bxf3 13. Qxf3 Nxd4 14. Qd3 Nf4 15. Qe3 Nde6 16. Rad1 Qe7 17. Rfe1 b6 18. Qc3 Qh4 19. Ng3 Rad8 20. Rc1 Nc5 21. Re3 Qg4 22. Rce1 h5 23. Be2 Qg6 24. Bf3 h4 25. Ne2 Nxe2+ 26. Bxe2 Rfe8 27. h3 Rxe3 28. Qxe3 Qe4 29. Qc3 Qd4 30. Qc1 Qd2 31. Qb1 Re8 32. Kf1 Na4 33. b3 Nc3 34. Qd3 Qxd3 35. Bxd3 Rxe1+ 36. Kxe1 c5 37. Kd2 Nd5 38. Be4 Nf6 39. Ke3 Nxe4 40. Kxe4 Kf8 41. Kf5 Ke7 42. Kg4 Ke6 43. Kxh4 Kd5 44. Kg4 Kd4 45. Kf5 Kc3 46. Ke5 Kxb3 1-0

[Event "POL-ch U16 Girls"]
[Site "Karpacz"]
[Date "2015.??.??"]
[Round "6"]
[White "Skorupa, Oliwia"]
[Black "Borkowska, Zuzanna"]
[Result "1-0"]
[WhiteElo "1565"]
[BlackElo "1387"]
[PlyCount "125"]
[EventDate "2015.03.??"]
[EventType "swiss"]
[EventRounds "9"]
[EventCountry "POL"]
[SourceTitle "EXT 2017"]
[Source "ChessBase"]
[SourceDate "2016.10.25"]
[SourceVersion "1"]
[SourceVersionDate "2016.10.25"]
[SourceQuality "1"]

1. e4 c5 2. Nf3 a6 3. c3 d5 4. e5 Bg4 5. d4 e6 6. h3 Bh5 7. g4 Bg6 8. Bd3 Bxd3 9. Qxd3 Nc6 10. Qe2 cxd4 11. cxd4 Bb4+ 12. Kf1 Nge7 13. Be3 Nc8 14. Nbd2 Nb6 15. a3 Bxd2 16. Bxd2 Nc4 17. b3 Nxd2+ 18. Qxd2 Qb6 19. Rb1 Rc8 20. Kg2 Qa5 21. Qb2 Ne7 22. Rhc1 0-0 23. b4 Qb5 24. Rc5 Qd3 25. Rbc1 Nc6 26. a4 h6 27. b5 axb5 28. axb5 Na7 29. Rxc8 Rxc8 30. b6 Nc6 31. Rc3 Qa6 32. Qa3 Qxb6 33. Rb3 Qa5 34. Qb2 Nd8 35. Rb5 Qc3 36. Qb1 Qc2 37. Qa1 Qe2 38. Qa5 Qc4 39. Rc5 Rxc5 40. Qxd8+ Kh7 41. dxc5 Qxc5 42. Qd7 Qc6 43. Qxf7 d4 44. Kg3 d3 45. g5 Qc8 46. gxh6 Kxh6 47. Nh4 Kh7 48. Qg6+ Kg8 49. Qxd3 Qc7 50. Nf3 Qe7 51. Qd6 Qxd6 52. exd6 Kf7 53. Nd4 e5 54. Nb5 Ke6 55. Kf3 Kf7 56. Ke4 Ke6 57. f4 exf4 58. Kxf4 Kf6 59. h4 g6 60. d7 Ke7 61. Kg5 Kxd7 62. Kxg6 Kc6 63. h5 1-0

[Event "POL-ch U16 Girls"]
[Site "Karpacz"]
[Date "2015.??.??"]
[Round "8"]
[White "Trybowska, Barbara"]
[Black "Borkowska, Zuzanna"]
[Result "1/2-1/2"]
[WhiteElo "1470"]
[BlackElo "1387"]
[PlyCount "81"]
[EventDate "2015.03.??"]
[EventType "swiss"]
[EventRounds "9"]
[EventCountry "POL"]
[SourceTitle "EXT 2017"]
[Source "ChessBase"]
[SourceDate "2016.10.25"]
[SourceVersion "1"]
[SourceVersionDate "2016.10.25"]
[SourceQuality "1"]

1. e4 c5 2. Nf3 a6 3. d4 cxd4 4. Nxd4 Nf6 5. Bd3 e5 6. Nb3 Nc6 7. a3 d5 8. exd5 Nxd5 9. 0-0 Be7 10. c4 Nb6 11. Nc3 Be6 12. Qe2 0-0 13. f4 exf4 14. Bxf4 Bg5 15. Rad1 Nd7 16. Qh5 h6 17. Kh1 Bxf4 18. Rxf4 Nce5 19. Qe2 Nxd3 20. Rxd3 Qc7 21. Rdd4 Nb6 22. Nd2 Rad8 23. b3 Rxd4 24. Rxd4 Qc5 25. Rd3 Qxa3 26. h3 Qc1+ 27. Kh2 Qa3 28. Rg3 Qd6 29. Nde4 Qf4 30. Kh1 f5 31. Rf3 Qe5 32. Nc5 Qxe2 33. Nxe2 Bc8 34. Rd3 Rf6 35. Rd8+ Kf7 36. Nf4 Rc6 37. Ncd3 Nd7 38. Nb4 Rc5 39. Nfd3 Rc7 40. Nd5 Rc6 41. N3b4 1/2-1/2

[Event "POL Olympiad U14 Girls"]
[Site "Spala"]
[Date "2014.12.30"]
[Round "3.11"]
[White "Borkowska, Zuzanna"]
[Black "Kindler, Karolina"]
[Result "1/2-1/2"]
[WhiteElo "1342"]
[BlackElo "1438"]
[PlyCount "93"]
[EventDate "2014.04.06"]
[EventType "swiss"]
[EventRounds "9"]
[EventCountry "POL"]
[SourceTitle "EXT 2023"]
[Source "ChessBase"]
[SourceDate "2022.10.05"]
[SourceVersion "1"]
[SourceVersionDate "2022.10.05"]
[SourceQuality "1"]

1. e4 c5 2. Nf3 Nc6 3. d4 cxd4 4. Nxd4 g6 5. c3 Bg7 6. Nxc6 bxc6 7. Bd3 d6 8. Nd2 Nf6 9. 0-0 0-0 10. Kh1 Bd7 11. f4 Qb6 12. Nc4 Qb7 13. f5 c5 14. Qf3 a5 15. e5 Bc6 16. Qh3 dxe5 17. Nxe5 Be4 18. fxg6 hxg6 19. Bxe4 Nxe4 20. Nc4 Rfd8 21. Qf3 f5 22. Bf4 Qb5 23. Ne5 Bxe5 24. Bxe5 Rd5 25. Bf4 Qxb2 26. c4 Rd7 27. g4 e6 28. gxf5 exf5 29. h4 Rad8 30. Qg2 Qf6 31. Bg5 Nxg5 32. Qxg5 Qxg5 33. hxg5 Rh7+ 34. Kg2 Rh5 35. Kf3 Rxg5 36. Rab1 Rd3+ 37. Ke2 Rc3 38. Rb8+ Kf7 39. Rb7+ Ke6 40. Rb6+ Ke5 41. Rb8 Rg2+ 42. Kd1 Rxc4 43. Re8+ Kd4 44. Rf4+ Kd3 45. Rf3+ Kd4 46. Rf4+ Kd3 47. Rf3+ 1/2-1/2

[Event "POL Olympiad U14 Girls"]
[Site "Spala"]
[Date "2014.12.30"]
[Round "6.15"]
[White "Dwilewicz, Agata"]
[Black "Borkowska, Zuzanna"]
[Result "1-0"]
[WhiteElo "1585"]
[BlackElo "1342"]
[PlyCount "134"]
[EventDate "2014.04.06"]
[EventType "swiss"]
[EventRounds "9"]
[EventCountry "POL"]
[SourceTitle "EXT 2023"]
[Source "ChessBase"]
[SourceDate "2022.10.05"]
[SourceVersion "1"]
[SourceVersionDate "2022.10.05"]
[SourceQuality "1"]

1. e4 e5 2. Nf3 Nc6 3. Bb5 Bc5 4. 0-0 Nf6 5. Nc3 d6 6. d3 Bd7 7. Bg5 a6 8. Ba4 b5 9. Bb3 Bg4 10. h3 Bxf3 11. Qxf3 Nd4 12. Qd1 c6 13. Ne2 h6 14. Bh4 Qe7 15. Nxd4 Bxd4 16. c3 Bb6 17. Qe2 0-0 18. Rad1 a5 19. Rfe1 a4 20. Bc2 Rfe8 21. Qf3 Bd8 22. d4 exd4 23. cxd4 Qc7 24. Bg3 Nd7 25. Qf5 Bf6 26. Qf4 Re6 27. b3 Bg5 28. Qf3 Rf6 29. Qd3 Bf4 30. Bxf4 Rxf4 31. e5 g6 32. e6 Nf8 33. exf7+ Qxf7 34. Qe3 Kg7 35. Re2 Rf6 36. Qc3 axb3 37. Bxb3 d5 38. Rde1 Ra7 39. Qb4 Re6 40. a4 bxa4 41. Bxa4 Rb7 42. Qd2 Rc7 43. Re5 Rxe5 44. Rxe5 Ne6 45. Qe3 Nd8 46. h4 Ra7 47. Bd1 h5 48. Bc2 Rd7 49. Rg5 Rd6 50. Qe5+ Rf6 51. Rxg6+ Qxg6 52. Bxg6 Kxg6 53. Qg5+ Kf7 54. Qxh5+ Ke7 55. Qe5+ Re6 56. Qg5+ Kd7 57. Qf5 Ke7 58. f3 Rf6 59. Qh5 Nf7 60. Qg4 Nh6 61. Qg7+ Nf7 62. h5 Ke6 63. Kf2 Nd6 64. h6 Nf5 65. Qg8+ Ke7 66. h7 Rf8 67. Qxf8+ Kxf8 1-0

[Event "POL-chT3 Kujawsko Pomorskie 1314"]
[Site "Poland"]
[Date "2014.??.??"]
[Round "9.15"]
[White "Borkowska, Zuzanna"]
[Black "Skorupa, Oliwia"]
[Result "1/2-1/2"]
[WhiteElo "1306"]
[BlackElo "1471"]
[PlyCount "160"]
[EventDate "2013.11.03"]
[EventType "team-tourn"]
[EventRounds "11"]
[EventCountry "POL"]
[SourceTitle "EXT 2018"]
[Source "ChessBase"]
[SourceDate "2017.10.13"]
[SourceVersion "1"]
[SourceVersionDate "2017.10.13"]
[SourceQuality "1"]
[WhiteTeam "Bydgoszcz Emdek"]
[BlackTeam "Grudziadz Rotmistrz III"]
[WhiteTeamCountry "POL"]
[BlackTeamCountry "POL"]

1. e4 e5 2. Nf3 Nc6 3. Bb5 Bc5 4. 0-0 Nf6 5. Nxe5 Nxe4 6. Qe2 Nxe5 7. Qxe4 Qe7 8. d4 Ng6 9. Qxe7+ Bxe7 10. Nc3 c6 11. Bd3 0-0 12. d5 b6 13. dxc6 dxc6 14. Re1 Bd6 15. Ne4 Bc7 16. Bd2 Be6 17. Ng5 Rfe8 18. Nxe6 Rxe6 19. Rxe6 fxe6 20. Be4 Ne7 21. Bg5 Nd5 22. c4 h6 23. Bd2 Be5 24. Rb1 Nf6 25. Bxc6 Rd8 26. Be1 Rc8 27. Bb5 Kf7 28. g3 Ne4 29. b3 Rd8 30. Bc6 Nc3 31. Bxc3 Bxc3 32. Rc1 Bb2 33. Rc2 Ba3 34. Kf1 Rd6 35. Bf3 Rd7 36. Ke2 Rc7 37. Rd2 Ke7 38. Rd4 Bb2 39. Rd3 Ba3 40. Re3 Bc1 41. Rd3 Ba3 42. Kd1 Rc5 43. Re3 e5 44. Bd5 Kd6 45. Rd3 Ke7 46. Be4 Bb2 47. Rd5 Rxd5+ 48. Bxd5 Bd4 49. f3 Bg1 50. h3 Bh2 51. g4 Kf6 52. Ke2 Kg5 53. Kf2 Kh4 54. Kg2 Bf4 55. b4 Be3 56. Kf1 Kxh3 57. Ke2 Bd4 58. Kd3 Kg3 59. Ke4 Bc3 60. a3 Bb2 61. c5 bxc5 62. bxc5 Bxa3 63. c6 Bd6 64. Kf5 g5 65. Kg6 a5 66. Kxh6 Kf4 67. Kg6 a4 68. Kf6 a3 69. Ke6 Bc7 70. Kf6 Bd8+ 71. Kg6 a2 72. Bxa2 Kxf3 73. Kf5 Bc7 74. Kxg5 Ke4 75. Bb3 Bd8+ 76. Kg6 Kf4 77. g5 e4 78. Kh5 Ke5 79. Bc4 Kd6 80. Bb5 Bxg5 1/2-1/2